01032nam a2200277 i 4500001000300000245015400003260007900157300002600236500002400262650002700286655002200313700002600335700003300361015001700394020001500411040000800426041000800434080001500442920001800457942000700475008004100482999001700523856009800540952005600638952006000694bg00aSłownik terminów biologicznych /cred. nauk. Jan Strzałko ; [aut. haseł Bogdan Jackowiak et al.] ; Uniwersytet im. Adama Mickiewicza w Poznaniu. aPoznań :bWydawnictwo Naukowe Uniwersytetu im. Adama Mickiewicza,c2006. a740, [1] s. ;c24 cm. aNazwy aut. na s. 5. 9aBiologiaxterminologia aSłowniki polskie1 aSTRZAŁKO, Jan.eRed.1 aJACKOWIAK, Bogdand(1954- .) aPB 5604/2006 a8323216037 cBPK0 apol a57/59(038) a83-232-1603-7 cKS s pl f |000 0 pol  c51969d51969 uhttp://koha.tu.koszalin.pl/cgi-bin/koha/opac-detail.pl?biblionumber=51969yKatalog online BPK 00104071aBPKbBPKcco79504p02310633t57 NbyKS 00104071aELBUDbELBUDcbo79505p02310626t57 NbyKS